| 000 | 00680nam a2200241 a 4500 | ||
|---|---|---|---|
| 005 | 20140310183218.0 | ||
| 008 | 030719s19uu xx 00 eng d | ||
| 010 | _aCollege Library | ||
| 020 | _a0240804775 | ||
| 050 |
_aPN 1996 _b.D36 2002 |
||
| 100 | _aDancyger, Ken | ||
| 245 |
_aAlternative scriptwriting : _bsuccessfully breaking the rules / _cKen Dancyger. |
||
| 250 | _a3rd ed. | ||
| 260 |
_aBoston : _bFocal Press, _c2002. |
||
| 300 |
_a378 p. : _c24 cm. |
||
| 521 | _aMC | ||
| 650 | _aMotion picture authorship | ||
| 650 | _aMotion picture plays - Technique | ||
| 650 | _aCreative writing | ||
| 700 | _aRush, Jeff | ||
| 942 |
_cBK _2lcc _kFOR |
||
| 999 |
_c20273 _d20273 |
||